| 000 | 00361nam a2200133Ia 4500 | ||
|---|---|---|---|
| 008 | 220216s9999 xx 000 0 und d | ||
| 100 | _aPailhories G | ||
| 245 | 0 | _aReducing proteins in latex gloves: The industrial approach | |
| 260 |
_bClinical Reviews in Allergy _c1993 |
||
| 300 | _a391-402 | ||
| 500 | _aSource Year: 1995 | ||
| 856 | _uirrdb | ||
| 942 | _cJS | ||
| 999 |
_c66583 _d66583 |
||